000
00296nam a22001457a 4500
008
221111b ||||| |||| 00| 0 eng d
020
_a
0025371517
041
_a
eng
080
_a
32
082
_a
32 FAU
100
_a
32
101
_a
JUR
245
_a
ROVE V.WADE
_c
FAUX M
942
_2
udc
_c
BK
999
_c
58860
_d
58860